000 00347nam a2200133Ia 4500
008 191201s2003 xx 000 0 und d
100 _aSERWAY, Raymond A
245 0 _aPhysics for Scientists and Engineers with Modern Physics Vol-2
250 _a6th
260 _aN.Delhi
_bThomson
_c2003
300 _a1552
650 _aApplied
942 _2ddc
_cBK
999 _c1898
_d1898